[Event "VIE-ch U07 Girls"]
[Site "Ho Chi Minh City"]
[Date "2014.07.13"]
[Round "1"]
[White "Nguyen, Le Cam Hien"]
[Black "Truong, Hong Tien"]
[Result "1-0"]
[WhiteElo "1434"]
[BlackElo "1421"]
[PlyCount "68"]
[EventDate "2014.07.13"]
[EventType "swiss"]
[EventRounds "9"]
[EventCountry "VIE"]
[SourceTitle "EXT 2016"]
[Source "ChessBase"]
[SourceDate "2015.10.08"]
[SourceVersion "1"]
[SourceVersionDate "2015.10.08"]
[SourceQuality "1"]

1. e4 e5 2. Nf3 Nc6 3. d4 Nf6 4. d5 Nb4 5. a3 Na6 6. Bxa6 bxa6 7. Nc3 d6 8. h3 h6 9. 0-0 Be7 10. Be3 0-0 11. Qd2 Bb7 12. Rfe1 c6 13. dxc6 Bxc6 14. Qd3 Qc7 15. Bd2 Rfd8 16. Qxa6 Rab8 17. b4 Bb7 18. Qxa7 Ra8 19. Qe3 Nh5 20. Qe2 Ba6 21. Qd1 Bc4 22. Nd5 Bxd5 23. exd5 Qc4 24. Be3 Qb5 25. Nxe5 dxe5 26. Qxh5 Rxd5 27. Qe2 Qd7 28. Bf4 Bf6 29. Be3 e4 30. Ra2 Qe6 31. c4 Rd7 32. Bc5 Qe8 33. Qxe4 Qxe4 34. Rxe4 Rd1+ 1-0